Les 2 villes les plus peuplées par région française en A - Statistiques

Statistiques générales
  • Ce quiz a été pris 125 fois
  • Le résultat moyen est 13 sur 26
Statistiques - réponses
Région Départements Population Villes % Correct
Auvergne Rhône Alpes Haute Savoie 120 000 Annecy
93%
Corse Corse du Sud 71 000 Ajaccio
90%
Hauts de France Somme 134 000 Amiens
87%
Pays de la Loire Maine et Loire 151 000 Angers
87%
Vaucluse 91 000 Avignon
84%
Provence Alpes Côte d’Azur Bouches du Rhône 147 000 Aix en Provence
80%
Bourgogne Franche Comté Yonne 34 000 Auxerre
77%
Occitanie Tarn 49 000 Albi
75%
Normandie Orne 25 000 Alençon
75%
Gard 41 000 Alès
69%
Île de France Val d'Oise 112 000 Argenteuil
69%
Pas de Calais 42 000 Arras
69%
Charente 41 000 Angoulême
59%
Haute Savoie 39 000 Annemasse
53%
Seine Saint Denis 89 000 Aubervilliers
53%
Nouvelle Aquitaine Pyrénées Atlantiques 42 000 Anglet
46%
Saône et Loire 13 000 Autun
38%
Orne 13 000 Argentan
29%
Bretagne Morbihan 14 000 Auray
26%
Grand Est Moselle 10 000 Amnéville
15%
Indre et Loire 13 000 Amboise
14%
Maine et Loire 15 200 Avrillé
9%
Ille et Vilaine 7 000 Acigné
5%
Centre Val de Loire Loiret 14 000 Amilly
3%
Corse du Sud 4 000 Alata
2%
Moselle 3 000 Audun le Tiche
0%
Aucun quiz correspondant
Distribution des résultats
% des personnes avec chaque résultat
Percentile par nombre de réponses
Votre historique - résultats
Vous n’avez pas pris ce quiz